00446nam a2200157Ia 4500008004100000020001400041082001600055100002200071245003300093250000700126260003900133300002600172500001900198600002100217650005000238240925s9999 xx 000 0 und d a675201063 a005.133 MOR aMoriber ,Harry A. 0aStructured Basic Programming aNA aOxford:bOxford Universityc,1984. ax,254p.bNAfOriginal aIncludes Index aComputer Science aComputer science, information & general works